000 00854nam a2200241 a 4500
001 68377
003 BD-RjUL
005 20211209081749.0
008 170402s1963 nyua|||| |||| 00| 0 eng d
035 _a(BD-RjUL)68587
040 _aBD-RjUL
_beng
_cBD-RjUL
041 _aeng
082 _223
_a535
_bDEV 1963
245 0 _aDevelopments in applied spectroscopy :
_bproceedings of the Thirteenth Annual Symposium on Spectroscopy, held in Chicago, Illinois, April 30-May 3, 1962 /
_cedited by John R Ferraro & J S Ziomek
260 _aNew York :
_bPlenum press,
_cc1963.
300 _av. :
_bill. ;
_c24 cm.
490 0 _aA publication of the society for applied spectroscopy, Chicago section
505 _aVol.2---
650 _aSpectrum analysis
_9202721
700 _aFerraro, John R.
_9202722
700 _aZiomek, J. S.
_9202723
942 _2ddc
_cBK
999 _c68377
_d68377